Normal view
MARC view
Entry Topical Term
001 - CONTROL NUMBER
- control field: 45152
003 - CONTROL NUMBER IDENTIFIER
- control field: ARRUPE
005 - DATE AND TIME OF LATEST TRANSACTION
- control field: 20190312103531.0
008 - FIXED-LENGTH DATA ELEMENTS
- fixed length control field: 190312|| aca||aabn | a|a d
040 ## - CATALOGING SOURCE
- Original cataloging agency: ARRUPE
- Transcribing agency: ARRUPE
150 ## - HEADING--TOPICAL TERM
- Topical term or geographic name as entry element: French language
- General subdivision: Dictionary
- General subdivision: Kirundi
670 ## - SOURCE DATA FOUND
- Source citation: Work cat.: (ARRUPE)0: Burgt, J. M. M. van der (Joannes Michael M.), 1863-1923. 45151, Dictionnaire français-kirundi, 1903.